SOBRE ARTE Y LITERATURA (Record no. 2376)

MARC details
000 -LEADER
campo de control de longitud fija 00506nam a22001577a 4500
001 - NÚMERO DE CONTROL
campo de control 9164
005 - FECHA Y HORA DE LA ÚLTIMA TRANSACCIÓN
campo de control 20250602012221.0
008 - DATOS DE LONGITUD FIJA--INFORMACIÓN GENERAL
campo de control de longitud fija 5230201998 dr
020 ## - NÚMERO INTERNACIONAL ESTÁNDAR DEL LIBRO
Número Internacional Estándar del Libro 84-8400-253-5
082 ## - NÚMERO DE LA CLASIFICACIÓN DECIMAL DEWEY
Número de clasificación RD 860
Número de ítem F8477s
100 ## - ENTRADA PRINCIPAL--NOMBRE DE PERSONA
Nombre de persona FRANCISCO RAMON
245 ## - MENCIÓN DEL TÍTULO
Título SOBRE ARTE Y LITERATURA
Mención de responsabilidad, etc. Ramón Francisco.
260 ## - PUBLICACIÓN, DISTRIBUCIÓN, ETC.
Lugar de publicación, distribución, etc. Santo Domingo :
Nombre del editor, distribuidor, etc. EDITORA TALLER
300 ## - DESCRIPCIÓN FÍSICA
Extensión 188 p. / 23 cm
650 ## - PUNTO DE ACCESO ADICIONAL DE MATERIA--TÉRMINO DE MATERIA
Término de materia o nombre geográfico como elemento de entrada 1 LITERATURA DIMINICANA SIGLO XX 1995 ENSAYOS CONFERENCIAS ETC 2 ARTE DOMINICANO ENSAYOS CONFERENCIAS ETC
Holdings
Estatus retirado Estado de pérdida Estado de daño No para préstamo Colección Biblioteca de origen Biblioteca actual Fecha de adquisición Total de préstamos Signatura topográfica completa Código de barras Visto por última vez Copia número Precio de reemplazo Tipo de ítem Koha
        Acervo general de Libros Biblioteca Central Mons. Favio M. Rivas S. Biblioteca Central Mons. Favio M. Rivas S. 30/01/2015   RD 860 000000003292 23/05/2025 1 23/05/2025 Libros
        Acervo general de Libros Biblioteca Central Mons. Favio M. Rivas S. Biblioteca Central Mons. Favio M. Rivas S. 30/01/2015   RD 860 000000003293 23/05/2025 2 23/05/2025 Libros
        Acervo general de Libros Biblioteca Central Mons. Favio M. Rivas S. Biblioteca Central Mons. Favio M. Rivas S. 30/01/2015   RD 860 000000003294 23/05/2025 3 23/05/2025 Libros